000 00632cam a2200229 4500
001 D16068
008 090401t1980 xxu||||| |||| 00| 0 eng d
022 _a0143-3342
035 _a(Sirsi) u26952
041 _aeng
050 _a368.1
090 _aRICS 1980/22ABD
110 _aRoyal Institution of Chartered Surveyors
_94900
245 _aReinstatement assessments for insurance purposes. A guide for practitioners
260 _bRICS
_c1980
300 _a15p. 30cm
350 _a0.8
490 _aRICS Building Surveying Practice Note
_v3
710 _aBuilding Surveyors Division
942 _n0
948 _c04/03/1997
999 _c89015
_d89015